00362pam a2200121 a 4500020000500000041000800005082001300013100003000026245009300056260004300149300001600192653003200208 c aeng a050bKRI aKriegman D Ed ,eAuthor . aIEEE Trans on Pattern Analysis & Machine Intelligence Vol - 29 ,Jan Dec hBound Volumes a[s.l]:bIEEE Computer Society ,c2007. a28*20:bHB. aGeneral serial publications